Catálogo público

Breve historia de la investigación agrícola en México / (Record no. 219829)

MARC details
000 -CABECERA
campo de control de longitud fija 02446nam a2200301 4500
003 - IDENTIFICADOR DEL NÚMERO DE CONTROL
campo de control OSt
005 - FECHA Y HORA DE LA ÚLTIMA TRANSACCIÓN
campo de control 20240405101523.0
008 - DATOS DE LONGITUD FIJA--INFORMACIÓN GENERAL
campo de control de longitud fija 240403s2014 mx a|||f |||| 001 0 spa d
020 ## - NÚMERO INTERNACIONAL ESTÁNDAR DEL LIBRO
Número Internacional Estándar del Libro 9786077152354
040 ## - FUENTE DE LA CATALOGACIÓN
Normas de descripción rda
Centro/agencia transcriptor CHAP
082 00 - NÚMERO DE LA CLASIFICACIÓN DECIMAL DEWEY
Número de edición 22
Número de clasificación 630.720972
Número de documento/Ítem V69
100 1# - ENTRADA PRINCIPAL--NOMBRE DE PERSONA
9 (RLIN) 188917
Nombre de persona Ávila Espinosa, Felipe Arturo
245 10 - MENCIÓN DE TÍTULO
Título Breve historia de la investigación agrícola en México /
Mención de responsabilidad, etc. por Felipe Arturo Ávila Espinosa y Jesús Moncada de la Fuente
250 ## - MENCIÓN DE EDICIÓN
Mención de edición Primera edición
264 #1 - PRODUCCIÓN, PUBLICACIÓN, DISTRIBUCIÓN, FABRICACIÓN Y COPYRIGHT
Producción, publicación, distribución, fabricación y copyright México:
Nombre del de productor, editor, distribuidor, fabricante Colegio de Postgraduados,
Fecha de producción, publicación, distribución, fabricación o copyright 2014.
300 ## - DESCRIPCIÓN FÍSICA
Extensión 240 páginas:
Otras características físicas Ilustraciones, cuadros
336 ## - TIPO DE CONTENIDO
Fuente rdacontent
Término de tipo de contenido texto
Código de tipo de contenido txt
337 ## - TIPO DE MEDIO
Fuente rdamedia
Nombre/término del tipo de medio sin medio
Código del tipo de medio n
338 ## - TIPO DE SOPORTE
Fuente rdacarrier
Nombre/término del tipo de soporte volumen
Código del tipo de soporte nc
490 1# - MENCIÓN DE SERIE
Mención de serie Biblioteca básica de agricultura
504 ## - NOTA DE BIBLIOGRAFÍA, ETC.
Nota de bibliografía, etc. Incluye índice
520 ## - SUMARIO, ETC.
Sumario, etc. Hace más de treinta años el Dr. Leobardo Jiménez inicio un esfuerzo para documentar la historia de la investigación en ciencias agrícolas en México. Diversas responsabilidades le impidieron avanzar más allá de la publicación de un primer volumen de entrevistas a los protagonistas de esa historia en ese entonces todos vivos. En la primera década de esta siglo, el Colegio de Posgraduados retomó la iniciativa del Dr. Jiménez, y a la feche ha publicado cinco volúmenes bajo el titulo genérico Las Ciencias Agrícolas Mexicanas y sus Protagonistas. Por su naturaleza, las semblanzas de gente tan notable tienden a la dispersión, ya que individuos con esas singularidades son propensas a ser más o menos idiosincráticos. Poe esas razones, en la Editorial del Colegio de postgraduados tomamos la decisión de elaborar esta Historia de la Investigación en Ciencias Agrícolas en México, que abreva en los volúmenes de la serie protagonistas. pero ocurre también a investigación de primera mano, realizada por el Dr. Felipe Ávila en diversos archivos de instituciones de investigación agrícola. Completada su investigación, el Dr. Ávila sugirió que la obra podría beneficiarse con una serie de entrevistas al Dr. Jesús Moncada de la Fuente actualmente Director General del Colegio de Postgraduados y actor privilegiado de esta historia.
650 #0 - PUNTO DE ACCESO ADICIONAL DE MATERIA--TÉRMINO DE MATERIA
9 (RLIN) 144957
Término de materia o nombre geográfico como elemento de entrada Agricultura
Subdivisión general Historia
-- México
650 #4 - PUNTO DE ACCESO ADICIONAL DE MATERIA--TÉRMINO DE MATERIA
9 (RLIN) 154581
Término de materia o nombre geográfico como elemento de entrada Agricultura
Subdivisión general Investigaciones
700 1# - PUNTO DE ACCESO ADICIONAL--NOMBRE DE PERSONA
9 (RLIN) 77461
Nombre de persona Moncada de la Fuente, Jesús
830 #0 - PUNTO DE ACCESO ADICIONAL DE SERIE-TÍTULO UNIFORME
9 (RLIN) 186443
Título uniforme Biblioteca Básica de Agricultura (Colegio de Postgraduados)
942 ## - ELEMENTOS DE PUNTO DE ACCESO ADICIONAL (KOHA)
Fuente del sistema de clasificación o colocación Dewey Decimal Classification
Tipo de ítem Koha Libro
Holdings
Estado de retiro Estado de pérdida Fuente del sistema de clasificación o colocación Estado dañado Restricciones de uso No para préstamo Código de colección Localización permanente Ubicación/localización actual Ubicación en estantería Fecha de adquisición Total de préstamos Signatura topográfica completa Código de barras Fecha visto por última vez Precio válido a partir de Tipo de ítem Koha
    Dewey Decimal Classification   Préstamo 15 días   General Biblioteca Central Biblioteca Central Planta principal - Colección General 03/04/2024   630.720972 V69 33724002584037 03/04/2024 03/04/2024 Libro